Los monstruos grandes no lloran / (Record no. 171301)

MARC details
000 -CABECERA
campo de control de longitud fija 00761nam a2200229 u 4500
005 - FECHA Y HORA DE LA ÚLTIMA TRANSACCIÓN
campo de control 20210223132432.0
008 - ELEMENTOS DE LONGITUD FIJA--INFORMACIÓN GENERAL
campo de control de longitud fija 140827s2010 es r 000 0 spa d
020 ## - NÚMERO INTERNACIONAL NORMALIZADO PARA LIBROS
Número Internacional Estándar del Libro 9788448830038
035 ## - NÚMERO DE CONTROL DEL SISTEMA
Número de control de sistema UPN01000199200
049 ## - COLECCIÓN
Colección I
050 #4 - SIGNATURA TOPOGRÁFICA DE LA BIBLIOTECA DEL CONGRESO
Número de clasificación PZ57
Número de documento/Ítem G8.5
100 1# - ASIENTO PRINCIPAL--NOMBRE PERSONAL
Nombre de persona Güettler, Kalle,
Fechas asociadas al nombre 1949-
9 (RLIN) 36081
245 14 - MENCIÓN DE TÍTULO
Título Los monstruos grandes no lloran /
Mención de responsabilidad, etc. Kalle Güettler, Rakel Helmsdal, Aslaug Jónsdóttir ; tr. Ua Matthíasdóttir.
260 ## - PUBLICACIÓN, DISTRIBUCIÓN, ETC.
Lugar de publicación, distribución, etc. Barcelona, Esp. :
Nombre del editor, distribuidor, etc. Beascoa,
Fecha de publicación, distribución, etc. 2010.
300 ## - DESCRIPCIÓN FÍSICA
Extensión [32] p. :
Otras características físicas il. col.
534 ## - NOTA SOBRE LA VERSIÓN ORIGINAL
Frase introductoria Título original:
Mención de título del original Stór skrímsli gráta ekki
650 #4 - ASIENTO SECUNDARIO DE MATERIA - TERMINO TEMATICO
Término de materia o nombre geográfico como elemento de entrada CUENTOS INFANTILES SUECOS
9 (RLIN) 23422
700 1# - ASIENTO SECUNDARIO--NOMBRE DE PERSONAL
Nombre de persona Helmsdal, Rakel,
Término indicativo de función/relación coaut.
700 1# - ASIENTO SECUNDARIO--NOMBRE DE PERSONAL
Nombre de persona Jónsdóttir, Aslaug,
Término indicativo de función/relación coaut.
905 ## - TIPO DE MATERIAL
Tipo de material Infantil
Holdings
Estado de retiro Estado de pérdida Fuente del sistema de clasificación o colocación Estado dañado No para préstamo Código de colección Localización permanente Ubicación/localización actual Ubicación en estantería Fecha de adquisición Total de préstamos Clasificación Código de barras Fecha visto por última vez Fecha del último préstamo Número de copia Tipo de ítem Koha
    Library of Congress Classification     Infantil Bib. Gregorio Torres Quintero Bib. Gregorio Torres Quintero Sala infantil Planta baja 10/05/2023 6 PZ57 G8.5 298177 11/09/2023 07/09/2023 1 Libro